00000000nam 2200000zi 4500
0019.945430
003CaOODSP
00520241125113721
006m     o  d f      
007cr bn|||||||||
008241121e198211##oncad   ot   f000 0 eng d
040 |aCaOODSP|beng|erda|cCaOODSP
0861 |aEn13-7/82-28E-PDF
1001 |aMoody, W. J., |eauthor.
24510|aErrors in velocity measurements made with a 622AA price current meter from a boat / |cauthor: W.J. Moody.
250 |aRevised.
264 1|a[Burlington, Ont.] : |bHydraulics Research Division, [National Water Research Institute], |cNovember 1982.
300 |a1 online resource (39 unnumbered pages) : |billustrations, graphs.
336 |atext|btxt|2rdacontent
337 |acomputer|bc|2rdamedia
338 |aonline resource|bcr|2rdacarrier
4901 |aTechnical note ; |vreport no. 82-28
500 |aCover title.
500 |a"Date: February 1978, Revised November 1982."
500 |a"Correspondence file no: 4885."
500 |a"Reason for report: Written at the request of the Water Survey of Canada Division, Hull, Quebec."
500 |aDigitized edition from print [produced by Environment and Climate Change Canada].
520 |a"1. To investigate the magnitude and location of flow disturbance in the immediate proximity of an inflated boat. 2. To assess the influence of the flow disturbance on current meter velocity observations"--Purpose.
650 0|aFlow meters|xCalibration|xMathematical models.
650 0|aWater current meters|xCalibration.
650 6|aDébitmètres|xÉtalonnage|xModèles mathématiques.
650 6|aMoulinets hydrométriques|xÉtalonnage.
7102 |aNational Water Research Institute (Canada). |bHydraulics Research Division, |eissuing body.
830#0|aTechnical note (National Water Research Institute (Canada). Hydraulics Research Division)|vno. 82-28.|w(CaOODSP)9.865405
85640|qPDF|s3.53 MB|uhttps://publications.gc.ca/collections/collection_2024/eccc/En13-7-82-28-eng.pdf